000 00826nam a2200193 i 4500
001 172411
003 ES-MaACL
005 20230906214914.0
008 090702s1854 fr |||| | fre d
080 _a821.133.1-14"17"
080 _a821.133.1-2"17"
100 1 _aLegouvé, Gabriel-Marie-Jean-Baptiste.
_9140927
245 1 0 _aOeuvres choisies de G. Legouvé /
_cprécedées d'une notice par Ernest Legouvé.
260 _aParis :
_bJules Laisné, librairie,
_c1854.
300 _a320 p. :
_bil. ;
_c17 cm.
505 8 _aContiene : Poèmes : Le mérite des femmes ; Les souvenirs ; La sépulture ; La mélancolie. Théatre : La mort d'Abel ; Épicharis et Néron. Poésies diverses
700 0 _aLegouvé, Ernest.
_971292
852 _aES-MaACL
_jE-12736
_9R-140318
_z.- Enc. hol.
_z.-Biblioteca Jacinto Martínez Lacalle
999 _c172411
_d172411